| 000 | 00873cab a2200265 4500 | ||
|---|---|---|---|
| 001 | ABS47811 | ||
| 008 | 090401t xxu||||| |||| 00| 0 eng d | ||
| 035 | _a(Sirsi) u63482 | ||
| 041 | _aeng | ||
| 100 | _aChapman, K. | ||
| 245 | _aStructural surveys of public houses | ||
| 260 | _c11(3) Winter 1992/93, 227-233 (7) | ||
| 350 | _a0 | ||
| 490 |
_aStructural Survey _v11(3) Winter 1992/93, 227-233 (7) |
||
| 520 | _aShows how the structure of ownership of public houses has resulted in often poorly maintained properties. Describes the most frequent problems uncovered during structural surveys of pubs. | ||
| 650 | _aDEFECTS | ||
| 650 |
_aRefurbishment _96264 |
||
| 650 | _aPUBLIC HOUSES | ||
| 650 | _aSTRUCTURAL SURVEYS | ||
| 650 | _aSURVEYS | ||
| 690 | _aBUILT ENVIRONMENT-BUILDING INSPECTION | ||
| 700 | _aEdwards, V. | ||
| 942 | _n0 | ||
| 948 | _c04/03/1997 | ||
| 999 |
_c39455 _d39455 |
||